000 00671nam a2200241Ia 4500
003 OSt
005 20220925203052.0
006 a|||||r|||| 00| 0
007 ta
008 220923b |||||||| |||| 00| 0 eng d
037 _cGeneral Book
040 _aRTL
_cRTL
_beng
041 _2eng
_aeng
082 _azG, L2
100 _aGanguli B N
_925759
245 0 _aGandhi's social philosophy
_b Perspective and and r
260 _aDelhi
_bVikas India
_c1972
300 _axii,453p.
_ccm.
490 _aCouncil For Social Development, Publication
650 _aGandhiana
942 _hzG, L2
_cGB
_2CC
999 _c545079
_d545079